00421nam a2200181Ia 4500008004100000020001400041050001400055100001700069245003600086245001700122260001500139260001600154260000900170300001500179300002700194300001000221500000800231170918s9999 xx 000 0 und d a439232627 bC386 1999 aCazet, Denys aMinnie and moo save the earth / cDenys Cazet. aNew York : bScholastic, c1999 a48 pages : bcolored illustration ; c23cm. a130